1245 1863 1886 1056 1051 1184 1505 1086 1414 1141 1098 1759 1996 1233 1979 1944 1551 1167 1849 1293 1023 1389 1932 1990 1856 1096 1406 1497 1692 1047 1125 1895 1797 1113 1286 1546 1885 1839 1412 1162 1959 1221 1114 1766 1450 1477 1805 1251 1434 1248 1772 1029 1731 1474 1695 1409 1896 1017 1349 1817 1597 1373 1666 1004 1990 1820 1047 1418 1716 1920 1529 1063 1960 1435 1864 1108 1546 1863 1106 1311 1119 1857 1979 1945 1166 1104 1193 1118 1247 1462 1806 1571 1051 1563 1299 1253 1004 1585 1384 BCNSPRNW ULIB Ver.6.0+V

เปลี่ยนเป็นภาษาไทย

Change to English
 แสดงรายละเอียดบรรณานุกรม
  กลับหน้าหลัก

Brief Record : Get Marc (ISO 2709) : E-mail record : QR code < ปิดหน้าต่าง
LEADER : 00000nam 2200000uu 4500
001    13399110462
003     ULIB
008    110601s2008||||th 000 0 eng d
020    0335223532
024    9780335223534
082 04 WY101^bR289h 2008
245 00 The handbook for advanced primary care nurses^cedited by Rebecca neno and debby price
260    England:^bMcGrawHill^c2008
300    234 p
650  7 Primary care nurese
700 1  Rebecca neno
700 1  debby price
945    ^p0^l0^i030105
995    Kesorn
999 ^a ใช้งานได้ทุกระบบ
รายการนี้ยังไม่มีแท็ก
คุณยังไม่ได้ล็อกอิน คุณสามารถมีกิจกรรมร่วมกับเว็บไซต์ได้ แต่ต้องล็อกอินก่อน ::
  ล็อกอิน

รายการสื่อสารสนเทศ

ลำดับที่ ประเภท เลขเรียก/บาร์โค้ด สถานที่ สถานะ
- ไม่พบข้อมูล -

BibComment


ยังไม่เคยถูกคอมเมนท์

คอมเมนท์ทรัพยากรรายการนี้
  คอมเมนท์: The handbook for ..


 Copyright 2026. Bcnsprnw @Library